Zdravotná starostlivosť

Z obsahu: Verejné zdroje stačia čoraz menej financovať zdravotnú starostlivosť. Prerozdeľovaním prostriedkov strácajú zdravotné poisťovne s ekonomicky aktívnymi poistencami. Dlhy zdravotných poisťovní sa môžu vyšplhať až na desať miliárd korún. Finančná spoluúčasť pacienta by znížila objem poskytova...

Descrizione completa

Salvato in:
Dettagli Bibliografici
Autore principale: Borodovčák, Vladimír
Altri autori: Velecký, Milan
Natura: Libro
Lingua:slovacco
Soggetti:
Tags: Aggiungi Tag
Nessun Tag, puoi essere il primo ad aggiungerne!!

MARC

LEADER 00000nam a2200000 4500
001 r031250
005 20230921083246.1
041 0 |a slo 
044 |a SK 
245 1 0 |a Zdravotná starostlivosť  |c Vladimír Borodovčák, Milan Velecký 
520 |a Z obsahu: Verejné zdroje stačia čoraz menej financovať zdravotnú starostlivosť. Prerozdeľovaním prostriedkov strácajú zdravotné poisťovne s ekonomicky aktívnymi poistencami. Dlhy zdravotných poisťovní sa môžu vyšplhať až na desať miliárd korún. Finančná spoluúčasť pacienta by znížila objem poskytovanej starostlivosti. 
610 2 0 |a starostlivosť zdravotná 
610 2 0 |a financovanie 
610 2 0 |a poisťovne zdravotné 
610 2 0 |a príjmy 
610 2 0 |a výdavky 
610 2 0 |a poistenci 
610 2 0 |a Slovensko 
100 1 |a Borodovčák, Vladimír 
700 1 |a Velecký, Milan